[Event "Défi( 10J+24H/c 10J Max )"]
[Site "www.echecsemail.com"]
[Date "2026.01.20"]
[Round "1"]
[White "Sergesee"]
[Black "Jlr"]
[WhiteElo "1440"]
[BlackElo "1420"]
[Result "0-1"]
1.e4 e5
2.c3 Ng8f6
3.f3 Bf8c5
4.Ng1e2 Nf6h5
5.d4 exd4
6.cxd4 Bc5b4
7.Kf2 Qd8f6
8.Kg1 Qf6b6
9.g3 d6
10.Bc1e3 Bc8d7
11.a3 Qb6a5
12.Nb1d2 Bb4xd2
13.Be3xd2 Qa5b6
14.Bd2c3 O-O
15.b4 Bd7b5
16.a4 Bb5d3
17.Qd1xd3 c5
18.bxc5 dxc5
19.dxc5 Qb6xc5
20.Bc3d4 Qc5b4
21.Kf2 Nb8c6
22.Bd4c3 Qb4c5
23.Bc3d4 Qc5g5
24.g4 Qg5h4
25.Ke3 Nc6xd4
26.Ne2xd4 Qh4g5
27.Kf2 Qg5h4
28.Ke2 Nh5f4
29.Ke3 Nf4xd3
30.Bf1xd3 Qh4h6
31.f4 Qh6h3
32.Nd4f3 g6
33.Ra1g1 Qh3h6
34.g5 Qh6g7
35.Nf3h4 Ra8d8
36.f5 Qg7c3
37.Rg1d1 Rf8e8
38.fxg6 hxg6
39.Rh1f1 Qc3d4
40.Ke2 Qd4b2
41.Ke3 Qb2d4
42.Kf4 Qd4e5
43.Kf3 Qe5xg5
44.Nh4g2 Qg5h5
45.Kf2 Qh5c5
46.Kf3 Qc5h5
47.Kf2 Qh5c5
48.Ng2e3 Re8e6
49.Ke2 Qc5h5
50.Ke1 Qh5g5
51.Rf1f3 Qg5a5
52.Rd1d2 Rd8xd3
53.Ne3c4 Re6xe4
54.Kf2 Qa5c5
55.Kf1 Rd3xf3
56.Kg2 Qc5g5
57.Kxf3 Re4xc4
58.Rd2d8 Qg5xd8
59.a5 Qd8d3
60.Kg2 Rc4g4
61.Kh1 Qd3f1
0-1

[Event "Défi"]
[Site "www.echecsemail.com"]
[Date "2026.01.20"]
[Round "1"]
[White "Vvvv"]
[Black "Jeanre"]
[WhiteElo "1700"]
[BlackElo "1620"]
[Result "0-1"]
1.e4 e5
2.Ng1f3 d6
3.d4 exd4
4.Nf3xd4 a6
5.Bf1d3 c5
6.Nd4b3 b5
7.c4 b4
8.Bc1f4 Bf8e7
9.O-O Be7f6
10.Qd1c2 Nb8c6
11.Nb1d2 Bf6e5
12.Bf4g3 Ng8e7
13.Nd2f3 Be5xg3
14.fxg3 Nc6e5
15.Bd3e2 O-O
16.Nf3xe5 dxe5
17.Nb3xc5 Qd8d4
18.Kh1 Qd4xc5
19.Ra1d1 Bc8e6
20.Rf1f3 Be6g4
21.Rf3xf7 Bg4xe2
22.Rf7xf8 Ra8xf8
23.Qc2xe2 Qc5f2
24.Qe2xf2 Rf8xf2
25.Rd1c1 Rf2xb2
26.c5 Ne7c6
27.h3 Rb2xa2
28.Kh2 a5
29.Rc1d1 Nc6d4
{ abandon }0-1

[Event "Eq:Avalon-Les Gens du Sud :"]
[Site "www.echecsemail.com"]
[Date "2026.01.20"]
[Round "1"]
[White "Sierra117"]
[Black "Sandrapaul"]
[WhiteElo "1660"]
[BlackElo "2460"]
[Result "0-1"]
1.e4 e6
2.d4 d5
3.Nb1c3 Bf8b4
4.e5 c5
5.a3 Bb4xc3
6.bxc3 Ng8e7
7.Qd1g4 O-O
8.Bc1h6 Ne7f5
9.Bh6g5 Qd8b6
10.dxc5 Qb6b2
11.Qg4d1 Qb2xc3
12.Bg5d2 Qc3xe5
13.Bf1e2 Qe5c7
14.Ng1f3 e5
15.O-O e4
16.Nf3e1 d4
17.f3 e3
18.Bd2c1 Nb8c6
19.Ne1d3 Bc8e6
20.Bc1b2 h5
21.c3 Ra8d8
22.Ra1c1 h4
23.f4 dxc3
24.Bb2xc3 Nc6d4
25.Bc3xd4 Nf5xd4
26.Nd3e5 f6
27.Ne5g6 Rf8e8
28.Ng6xh4 Nd4b3
{ abandon }0-1

[Event "Tournoi échelle champions"]
[Site "www.echecsemail.com"]
[Date "2026.01.20"]
[Round "1"]
[White "Verson"]
[Black "Ephixe"]
[WhiteElo "1870"]
[BlackElo "1800"]
[Result "0-1"]
1.d4 e5
2.e3 exd4
3.exd4 d5
4.Ng1f3 Ng8f6
5.Bf1d3 Bf8e7
6.O-O O-O
7.c3 Bc8g4
8.Bc1g5 h6
9.Bg5f4 Nb8d7
10.Nb1d2 b6
11.h3 Bg4e6
12.Nf3e5 Nd7xe5
13.Bf4xe5 Nf6d7
14.Be5f4 Nd7f6
15.Nd2f3 Qd8d7
16.Bf4e5 Nf6h7
17.Bd3c2 Be6f5
18.Rf1e1 Bf5xc2
19.Qd1xc2 c6
20.Re1e2 Be7f6
21.Ra1e1 Rf8e8
22.Be5xf6 Nh7xf6
23.Nf3e5 Qd7c7
24.Qc2f5 Re8e6
25.Ne5g4 Re6xe2
26.Re1xe2 Nf6xg4
27.Qf5xg4 Kf8
28.Re2e5 Ra8d8
29.Qg4e2 a5
30.Re5e7 Qc7d6
31.Qe2e5 Qd6xe7
{ abandon }0-1

[Event "Tournoi n27330"]
[Site "www.echecsemail.com"]
[Date "2026.01.20"]
[Round "1"]
[White "Nogean"]
[Black "Wenoketo"]
[WhiteElo "1620"]
[BlackElo "1690"]
[Result "0-1"]
1.c4 e6
2.Nb1c3 Ng8f6
3.Ng1f3 Bf8e7
4.g3 O-O
5.Bf1g2 Nb8c6
6.O-O d6
7.d3 Bc8d7
8.a3 a6
9.b4 h6
10.Ra1b1 Ra8b8
11.a4 Nc6a7
12.b5 axb5
13.axb5 b6
14.Rb1a1 Na7c8
15.Nf3d4 Nf6h7
16.Nd4c6 Bd7xc6
17.Bg2xc6 Be7f6
18.Bc1d2 Nc8e7
19.Bc6g2 Ne7g6
20.Nc3a2 Bf6xa1
21.Qd1xa1 Nh7f6
22.Na2b4 Qd8e8
23.Qa1b2 Ng6e7
24.Qb2a1 Ne7g6
25.Nb4c6 Rb8c8
26.Nc6a7 Rc8b8
27.Na7c6 Rb8c8
28.Nc6a7 Rc8b8
29.Bg2c6 Qe8d8
30.Qa1a6 Ng6e5
31.Bc6b7 Nf6e8
32.Bd2c3 Ne5d7
33.Na7c6 Qd8g5
34.Nc6xb8 Nd7xb8
35.Qa6a8 Ne8f6
36.Qa8a7 h5
37.h4 Qg5g6
38.Bb7e4 Nf6xe4
39.Bc3d4 Ne4xg3
40.fxg3 Qg6xg3
41.Kh1 Qg3xh4
42.Kg2 Qh4xd4
43.Qa7xc7 Qd4c5
44.Qc7e7 Qc5e5
45.Qe7b7 Qe5g5
46.Kh1 Qg5c5
47.Qb7f3 Nb8d7
48.Qf3g2 Nd7f6
49.Rf1xf6 Qc5e5
50.Rf6f2 Qe5a1
51.Rf2f1 Qa1a8
52.Rf1f4 Qa8xg2
53.Kxg2 e5
54.Rf4f1 f5
55.Rf1a1 Rf8b8
56.Ra1a7 Kh7
57.Ra7d7 Kg6
58.Rd7xd6 Kg5
59.e3 g6
60.Rd6d5 Kf6
61.Rd5d6 Kf7
62.Kg3 g5
63.d4 exd4
64.Rd6xd4 Ke6
65.Rd4d5 Rb8c8
66.Kf3 Rc8xc4
67.Rd5d1 Rc4b4
68.Rd1e1 Rb4xb5
69.e4 f4
70.Re1c1 Rb5b3
71.Kf2 Ke5
72.Rc1g1 Rb3g3
73.Rg1b1 Kxe4
74.Rb1xb6 h4
{ abandon }0-1

[Event "Défi( 10J+24H/c 10J Max )"]
[Site "www.echecsemail.com"]
[Date "2026.01.20"]
[Round "1"]
[White "Tinenfant"]
[Black "Tunnellavage"]
[WhiteElo "1860"]
[BlackElo "1750"]
[Result "0-1"]
1.e4 e5
2.Ng1f3 Nb8c6
3.Bf1c4 Bf8c5
4.c3 Ng8f6
5.d3 h6
6.b4 Bc5b6
7.a4 a6
8.a5 Bb6a7
9.Qd1b3 O-O
10.O-O d6
11.h3 Qd8e8
12.Nb1d2 Nc6e7
13.Bc1b2 Ne7g6
14.Rf1e1 Ng6f4
15.d4 Qe8e7
16.Bb2a3 Qe7e8
17.Ra1d1 Qe8e7
18.dxe5 dxe5
19.b5 Ba7c5
20.Ba3xc5 Qe7xc5
21.Qb3b4 Qc5xb4
22.cxb4 axb5
23.Bc4xb5 c6
24.Bb5c4 Rf8e8
25.Nd2b3 Nf4g6
26.Rd1d6 Bc8e6
27.Bc4xe6 fxe6
28.Nb3c5 Ra8b8
29.Rd6xe6 Re8xe6
30.Nc5xe6 Ng6f4
31.Ne6xf4 exf4
32.e5 Nf6d5
33.e6 Rb8e8
34.Nf3d4 g6
35.b5 c5
36.Nd4b3 c4
37.Nb3c5 b6
38.axb6 Nd5xb6
39.Kf1 c3
40.Nc5b3 c2
41.f3 Nb6d5
42.Kf2 Nd5e3
43.Re1c1 Re8d8
44.e7 Rd8e8
45.Nb3d4 Re8xe7
46.b6 Re7d7
47.Nd4b3 Rd7b7
48.Nb3d2 Rb7xb6
49.Kg1 Rb6d6
50.Nd2b3 Rd6d1
51.Kf2 Kf7
52.g3 g5
53.gxf4 gxf4
54.Ke2 Ke6
55.Rc1xc2 Ne3xc2
56.Kxd1 Nc2e3
57.Ke2 Kf5
58.Nb3d2 Kg5
59.Nd2e4 Kh4
60.Ne4f2 Kg3
61.Nf2d1 Ne3xd1
62.Kxd1 Kxf3
63.Ke1 Kg3
64.Kf1 Kxh3
{ abandon }0-1

[Event "1001"]
[Site "www.echecsemail.com"]
[Date "2026.01.20"]
[Round "1"]
[White "Qsdmlk"]
[Black "Turbo"]
[WhiteElo "1530"]
[BlackElo "1290"]
[Result "1-0"]
1.d4 d5
2.Bc1g5 h6
3.Bg5f4 Ng8f6
4.Nb1c3 e6
5.Ng1f3 a6
6.e3 g5
7.Bf4e5 Bf8g7
8.Bf1d3 Nb8c6
9.O-O Nc6xe5
10.dxe5 Nf6d7
11.e4 dxe4
12.Bd3xe4 O-O
13.a4 a5
14.Qd1e2 Nd7xe5
15.Qe2b5 Ne5xf3
16.Be4xf3 c6
17.Qb5e2 Ra8b8
18.Ra1b1 Qd8f6
19.Nc3e4 Qf6e5
20.c3 f5
21.Ne4d2 Rf8d8
22.Rf1d1 Qe5f4
23.g3 Qf4c7
24.Nd2c4 f4
25.Rd1xd8 Qc7xd8
26.Rb1d1 Qd8f6
27.Nc4b6 e5
28.Qe2c4 Bc8e6
29.Qc4c5 Be6h3
30.g4 h5
31.Nb6d7 Qf6h6
32.Nd7xb8 hxg4
33.Rd1d8 Kh7
34.Bf3e4 { abandon }1-0

[Event "Transval 3"]
[Site "www.echecsemail.com"]
[Date "2026.01.20"]
[Round "1"]
[White "Woluwe1975"]
[Black "Abelito"]
[WhiteElo "1640"]
[BlackElo "1560"]
[Result "0-1"]
1.e4 e5
2.Ng1f3 Nb8c6
3.d4 Bf8b4
4.c3 Bb4a5
5.d5 Nc6d4
6.Nf3xd4 exd4
7.Qd1xd4 Qd8f6
8.e5 Qf6b6
9.Qd4xb6 axb6
10.Bf1d3 c5
11.d6 f6
12.Bd3b5 Ng8h6
13.O-O Nh6f7
14.c4 Nf7xe5
15.f4 Ne5f7
16.Nb1c3 Ba5xc3
17.bxc3 Nf7xd6
18.Rf1e1 Kf7
19.Bc1d2 Nd6xb5
20.cxb5 d5
21.a4 Bc8f5
22.c4 dxc4
23.Bd2c3 Rh8d8
24.a5 Rd8d3
25.Re1c1 bxa5
26.Bc3xa5 Rd3b3
27.Ba5b6 Ra8xa1
28.Rc1xa1 Rb3xb5
{ abandon }0-1

[Event "Transval 3"]
[Site "www.echecsemail.com"]
[Date "2026.01.20"]
[Round "1"]
[White "Abelito"]
[Black "Woluwe1975"]
[WhiteElo "1560"]
[BlackElo "1640"]
[Result "0-1"]
1.e4 c5
2.Bf1c4 d6
3.Ng1f3 e6
4.d4 cxd4
5.Nf3xd4 Ng8f6
6.Nb1c3 a6
7.Bc1g5 Bf8e7
8.O-O O-O
9.Qd1f3 b5
10.e5 d5
11.Bc4d3 Nf6e4
12.Bd3xe4 Be7xg5
13.Be4d3 Bc8b7
14.b4 Nb8c6
15.Nd4e2 Nc6xe5
16.Qf3h3 Ne5xd3
17.Qh3xd3 Bg5f6
18.Ne2f4 Ra8c8
19.Nf4h5 Bf6xc3
20.Ra1d1 Bc3xb4
21.Qd3g3 g6
22.Nh5f4 Rc8xc2
23.Nf4d3 Bb4d6
24.Nd3e5 Rc2xa2
25.Qg3b3 Ra2a3
26.Qb3b2 Ra3a4
27.Ne5g4 Ra4xg4
28.Rd1d4 Rg4xd4
29.Qb2xd4 e5
{ abandon }0-1

[Event "Transval 3"]
[Site "www.echecsemail.com"]
[Date "2026.01.20"]
[Round "1"]
[White "Abelito"]
[Black "Sam"]
[WhiteElo "1560"]
[BlackElo "1670"]
[Result "0-1"]
1.e4 e5
2.Ng1f3 Nb8c6
3.c3 Ng8f6
4.d3 d5
5.exd5 Nf6xd5
6.c4 Nd5b4
7.a3 Nb4a6
8.b4 Na6b8
9.c5 Bc8g4
10.Nb1c3 Nc6d4
11.Bc1b2 Nd4xf3
12.gxf3 Bg4h5
13.Nc3e4 Nb8c6
14.Bf1g2 Bf8e7
15.b5 Nc6d4
16.Ne4g3 Bh5g6
17.O-O Be7xc5
18.Ng3e4 Bc5d6
19.Qd1a4 O-O
20.Bb2xd4 exd4
21.Qa4xd4 Bd6xh2
{ abandon }0-1

[Event "Transval 3"]
[Site "www.echecsemail.com"]
[Date "2026.01.20"]
[Round "1"]
[White "Sam"]
[Black "Abelito"]
[WhiteElo "1670"]
[BlackElo "1560"]
[Result "1-0"]
1.e4 e5
2.Bf1c4 Ng8f6
3.Nb1c3 c6
4.Ng1f3 d5
5.exd5 Bf8d6
6.dxc6 Nb8xc6
7.O-O O-O
8.d3 Bc8f5
9.Bc1g5 Nc6d4
10.Nc3d5 b5
11.Bc4b3 h6
12.Bg5xf6 gxf6
13.Nf3xd4 exd4
14.Qd1h5 Bf5g6
15.Nd5e7 Qd8xe7
16.Qh5xg6 Kh8
17.Qg6xh6 Kg8
18.Ra1e1 Qe7d7
19.Re1e4 Bd6c7
20.Qh6g6 { abandon }1-0

[Event "La Diagonale du fou 9"]
[Site "www.echecsemail.com"]
[Date "2026.01.20"]
[Round "1"]
[White "Blackbishop"]
[Black "Woluwe1975"]
[WhiteElo "1830"]
[BlackElo "1640"]
[Result "1-0"]
1.e4 e6
2.d4 d5
3.e5 c5
4.c3 cxd4
5.cxd4 a6
6.Ng1f3 Nb8c6
7.Bf1e2 Ng8e7
8.O-O Ne7g6
9.Nb1c3 Bc8d7
10.a3 Bf8e7
11.Bc1e3 O-O
12.Be2d3 b5
13.b4 Qd8b6
14.Bd3xg6 fxg6
15.h4 h6
16.Nc3e2 Qb6d8
17.g3 Rf8xf3
18.Ne2f4 Be7xh4
19.Qd1xf3 Qd8f8
20.Qf3g4 Bh4g5
21.Nf4xg6 Qf8f5
22.Qg4h5 Kh7
23.Be3xg5 Qf5xg6
24.Qh5xg6 Kh8
25.Bg5e3 { abandon }1-0

[Event "Défi"]
[Site "www.echecsemail.com"]
[Date "2026.01.20"]
[Round "1"]
[White "Tiounet"]
[Black "Lancov"]
[WhiteElo "1620"]
[BlackElo "1940"]
[Result "0-1"]
1.a3 d6
2.b4 Ng8f6
3.Bc1b2 g6
4.Ng1f3 Bf8g7
5.g3 Bc8g4
6.Bf1g2 e5
7.O-O Qd8d7
8.Nf3xe5 c6
9.Ne5xg4 Qd7xg4
10.Rf1e1 Nb8d7
11.d3 O-O-O
12.Nb1d2 h5
13.c4 h4
14.f3 Qg4g5
15.g4 h3
16.Bg2h1 Nf6xg4
17.Nd2e4 Qg5e3
18.Kf1 Ng4xh2
0-1

[Event "Tournoi n27358"]
[Site "www.echecsemail.com"]
[Date "2026.01.20"]
[Round "1"]
[White "Jlr"]
[Black "Titit1"]
[WhiteElo "1340"]
[BlackElo "1490"]
[Result "0-1"]
1.e4 c6
2.Ng1f3 Qd8c7
3.Nb1c3 e5
4.d3 Bf8b4
5.d4 d6
6.Bc1d2 Ng8f6
7.d5 cxd5
8.Bf1b5 Bc8d7
9.a3 Bb4c5
10.a4 Nf6g4
11.exd5 O-O
12.Bd2e3 Bc5xe3
13.fxe3 Ng4xe3
14.Qd1e2 Qc7b6
15.Kd2 a6
16.Bb5xd7 Nb8xd7
17.Rh1b1 Ne3f5
18.b3 Rf8e8
19.Qe2d3 Qb6f2
20.Nc3e2 e4
21.Qd3c4 e3
22.Kd3 Nd7c5
23.Kc3 Ra8c8
24.Rb1g1 Nc5e4
25.Kb2 Rc8xc4
26.bxc4 Qf2xe2
27.Ra1e1 Qe2xc4
28.Re1c1 Qc4c3
29.Ka2 Re8c8
30.g4 Nf5d4
31.Nf3xd4 Qc3xd4
32.Rg1d1 Ne4c3
33.Ka3 Qd4xa4
34.Kb2 Qa4a2
0-1

[Event "Coupe Niveau 1"]
[Site "www.echecsemail.com"]
[Date "2026.01.20"]
[Round "1"]
[White "Jlr"]
[Black "4x4"]
[WhiteElo "1370"]
[BlackElo "1480"]
[Result "1-0"]
1.e4 e5
2.Ng1f3 d6
3.a3 Bc8g4
4.h3 Bg4xf3
5.Qd1xf3 Qd8f6
6.Qf3xf6 Ng8xf6
7.Nb1c3 Nb8d7
8.Bf1c4 O-O-O
9.d3 a6
10.Bc1e3 Nd7b6
11.Bc4a2 c5
12.f3 Nb6d7
13.g4 b6
14.Ba2xf7 Bf8e7
15.g5 Nf6h5
16.Bf7xh5 g6
17.Bh5g4 Kc7
18.Nc3d5 Kc6
19.Nd5xe7 Kb7
20.Kd2 h5
21.Bg4xd7 Rd8xd7
22.Ne7xg6 Rh8g8
23.Ng6h4 b5
24.Nh4f5 Kc6
25.h4 d5
26.Nf5h6 Rg8f8
27.Nh6f5 d4
28.Be3f2 c4
29.dxc4 bxc4
30.c3 d3
31.Bf2g3 Rd7f7
32.Bg3xe5 Rf7xf5
33.exf5 Rf8xf5
34.f4 Kd5
35.Be5c7 Ke4
36.Ra1e1 Kd5
37.g6 Kc6
38.Bc7d8 Rf5xf4
39.g7 Rf4g4
40.Re1e6 Kd7
41.Rh1e1 Kxd8
42.Re6e8 Kd7
43.Re1e7 Kd6
44.Re7e6 Kd7
45.Re6e7 Kd6
46.Re7e6 Kc5
47.Re8c8 Kb5
48.Rc8b8 Ka4
49.Re6xa6 1-0

[Event "Coupe Niveau 1"]
[Site "www.echecsemail.com"]
[Date "2026.01.20"]
[Round "1"]
[White "Panchoa"]
[Black "Jlr"]
[WhiteElo "1610"]
[BlackElo "1370"]
[Result "1-0"]
1.e4 e5
2.Ng1f3 d6
3.Bf1c4 h6
4.O-O Bc8g4
5.Nb1c3 Ng8f6
6.d3 Nb8c6
7.Bc1e3 Qd8e7
8.Rf1e1 b6
9.Bc4d5 Qe7d7
10.b4 Nf6xd5
11.exd5 Nc6xb4
12.a3 Nb4a6
13.Nc3e4 f5
14.Ne4g3 g6
15.c4 f4
16.Be3xf4 Bf8e7
17.Bf4d2 Na6c5
18.Bd2b4 Nc5a4
19.Re1e4 h5
20.Qd1e1 Bg4xf3
21.gxf3 h4
22.Ng3e2 g5
23.Kh1 Qd7h3
24.Re4e3 a5
25.Bb4d2 Na4c5
26.f4 Qh3f5
27.d4 Nc5b3
28.Ra1d1 Nb3xd4
29.Bd2c3 Kf7
30.Bc3xd4 exd4
31.Re3xe7 Kxe7
32.Ne2xd4 Kf6
33.Nd4xf5 Kxf5
34.Qe1e6 Kxf4
35.Rd1d4 Kf3
36.Qe6e3 1-0

[Event "Transval 2"]
[Site "www.echecsemail.com"]
[Date "2026.01.20"]
[Round "1"]
[White "Titit1"]
[Black "Turbo"]
[WhiteElo "1450"]
[BlackElo "1280"]
[Result "0-1"]
1.d4 d5
2.c4 dxc4
3.e4 e6
4.Ng1f3 b5
5.Nb1c3 c6
6.Bf1e2 h6
7.Bc1f4 g5
8.Bf4e5 f6
9.Be5xb8 Ra8xb8
10.O-O Qd8d6
11.Qd1c2 g4
12.Nf3d2 h5
13.b3 Qd6xd4
14.g3 Bc8b7
15.bxc4 b4
16.Nc3a4 c5
17.Be2d3 Bf8h6
18.Nd2b3 Qd4d6
19.Qc2e2 Qd6c6
20.Na4b2 Qc6b6
21.Nb3d2 Qb6c6
22.Nd2b3 f5
23.e5 Qc6h1
0-1

[Event "Eq:fouschess-Les Rois du Succes :"]
[Site "www.echecsemail.com"]
[Date "2026.01.20"]
[Round "1"]
[White "Titit1"]
[Black "Ozon"]
[WhiteElo "1480"]
[BlackElo "1670"]
[Result "1-0"]
1.Ng1f3 Nb8c6
2.Nb1c3 e5
3.e4 Ng8f6
4.Bf1c4 Bf8c5
5.O-O d6
6.a3 a6
7.Nf3g5 Bc8e6
8.Bc4xe6 fxe6
9.Ng5xe6 Qd8d7
10.Ne6xc5 dxc5
11.d3 O-O
12.Bc1g5 Qd7f7
13.Bg5e3 b6
14.Nc3e2 a5
15.Ne2g3 Nc6e7
16.Qd1d2 Qf7g6
17.c4 Ne7c6
18.b3 Nc6d4
19.Be3xd4 cxd4
20.Ng3f5 Nf6g4
21.Nf5e7 Kh8
22.Ne7xg6 hxg6
23.Qd2g5 Ng4h6
24.f3 Kh7
25.Ra1c1 Nh6f7
26.Qg5h4 Kg8
27.f4 Ra8c8
28.Rf1f3 Nf7h8
29.Qh4g5 exf4
30.Rf3xf4 Rf8e8
31.Rc1f1 c5
32.Qg5d5 Nh8f7
33.Qd5xf7 { abandon }1-0

[Event "Eq:fouschess-Les Rois du Succes :"]
[Site "www.echecsemail.com"]
[Date "2026.01.20"]
[Round "1"]
[White "Ozon"]
[Black "Titit1"]
[WhiteElo "1670"]
[BlackElo "1480"]
[Result "1-0"]
1.e4 c6
2.Nb1c3 e5
3.Ng1f3 Qd8c7
4.Bf1c4 h6
5.d3 Ng8f6
6.a3 Bf8c5
7.Qd1e2 Nf6g4
8.Bc1e3 Bc5d6
9.h3 Ng4xe3
10.Qe2xe3 b6
11.O-O O-O
12.Nf3h4 b5
13.Bc4a2 a5
14.Qe3g3 Bd6e7
15.Nh4f5 Be7f6
16.Nf5xh6 Kh7
17.Nh6xf7 d6
18.Nf7g5 Bf6xg5
19.Qg3xg5 Bc8e6
20.Ba2xe6 Nb8a6
21.Nc3e2 Na6c5
22.Be6f5 Kg8
23.Ne2g3 Nc5a4
24.Ra1b1 b4
25.Ng3h5 Na4c5
26.axb4 axb4
27.Rb1e1 Qc7f7
28.Re1e3 Ra8a2
29.f4 Ra2xb2
30.Re3e2 Rf8a8
31.fxe5 Ra8a2
32.Bf5h7 Kxh7
33.Rf1xf7 Ra2a1
34.Rf7f1 Ra1a2
35.Qg5xg7 1-0

[Event "Tournoi n27337"]
[Site "www.echecsemail.com"]
[Date "2026.01.20"]
[Round "1"]
[White "Jlr"]
[Black "Titit1"]
[WhiteElo "1380"]
[BlackElo "1490"]
[Result "1-0"]
1.f4 Nb8c6
2.e3 e6
3.Bf1d3 Bf8c5
4.Qd1h5 Ng8f6
5.Qh5xc5 d6
6.Qc5g5 O-O
7.h4 h6
8.Qg5g3 Qd8e7
9.Qg3h3 d5
10.Ng1f3 e5
11.Qh3h2 e4
12.Nf3g5 h5
13.Bd3e2 Bc8d7
14.d3 Qe7b4
15.Kf2 a5
16.Nb1c3 d4
17.Nc3xe4 Nf6xe4
18.Ng5xe4 dxe3
19.Kxe3 Qb4d4
20.Kd2 g6
21.c3 Qd4g7
22.Be2f3 Rf8e8
23.Ne4c5 Bd7c8
24.Bf3e4 f5
25.Be4f3 Qg7e7
26.d4 Re8d8
27.Rh1e1 Qe7g7
28.Qh2g3 b5
29.Bf3xc6 Ra8b8
30.Qg3g5 b4
31.Qg5xd8 Kh7
32.Re1e7 Qg7xe7
33.Qd8xe7 Kh6
34.Qe7g5 Kg7
35.Qg5e7 Kh6
36.Qe7g5 Kg7
37.Qg5e7 Kh6
38.Qe7g5 Kh7
39.Qg5e7 Kh6
40.Qe7g5 Kg7
41.Nc5a6 Bc8xa6
42.Qg5e7 Kh6
43.Qe7g5 Kg7
44.Qg5e7 Kh6
45.Qe7g5 Kg7
46.Qg5e7 Kh6
47.Kc2 bxc3
48.Qe7g5 Kg7
49.Qg5e7 Kh6
50.bxc3 Ba6f1
51.Qe7g5 Kg7
52.Qg5e7 Kh6
53.Qe7g5 Kg7
54.Qg5e7 Kh6
55.Qe7g5 Kg7
56.Qg5e7 Kh6
57.Bc1a3 Bf1c4
58.Qe7g5 Kg7
59.Qg5e7 Kh6
60.Qe7xc7 Rb8g8
61.Ba3c5 Rg8g7
62.Qc7xa5 Rg7g8
63.d5 Bc4e2
64.Ra1e1 Be2g4
65.Bc5e7 Rg8g7
66.Be7g5 Kh7
67.Qa5d8 Rg7a7
68.Re1a1 Bg4e2
69.Bg5f6 Be2c4
70.Qd8h8 1-0

[Event "1301"]
[Site "www.echecsemail.com"]
[Date "2026.01.20"]
[Round "1"]
[White "Turbo"]
[Black "4x4"]
[WhiteElo "1300"]
[BlackElo "1480"]
[Result "0-1"]
1.d4 d5
2.Ng1f3 Bc8f5
3.e3 e6
4.Bf1b5 c6
5.Bb5a4 b5
6.Ba4b3 Ng8f6
7.a4 Nb8a6
8.a5 Nf6e4
9.O-O Bf8d6
10.c4 bxc4
11.Bb3a4 O-O
12.Ba4xc6 Ra8c8
13.Bc6b5 Na6b4
14.a6 Nb4d3
15.h3 f6
16.b3 Nd3b4
17.bxc4 e5
18.cxd5 Nb4xd5
19.dxe5 Bd6xe5
20.Nf3xe5 fxe5
21.Qd1h5 g6
22.Qh5h6 Nd5c3
23.Bc1b2 Nc3xb5
24.Bb2xe5 Rf8f7
25.g4 Bf5e6
26.f3 Ne4d2
27.h4 Nd2xf3
28.Kg2 Nf3xe5
29.Nb1a3 Ne5xg4
30.Qh6g5 Nb5xa3
31.Rf1xf7 Qd8xg5
32.hxg5 Be6xf7
33.Ra1xa3 h5
34.Kf3 Rc8c5
35.Ra3d3 Ng4e5
{ abandon }0-1

[Event "Tetraktus 103"]
[Site "www.echecsemail.com"]
[Date "2026.01.20"]
[Round "1"]
[White "Skalfa"]
[Black "Alain64"]
[WhiteElo "1820"]
[BlackElo "2080"]
[Result "1/2-1/2"]
1.e4 c5
2.Ng1f3 Nb8c6
3.Bf1c4 e6
4.a3 d5
5.exd5 exd5
6.Bc4a2 Ng8f6
7.O-O Bf8e7
8.d4 cxd4
9.Nf3xd4 O-O
10.Nb1c3 h6
11.Bc1e3 Rf8e8
12.b4 a6
13.h3 Bc8e6
14.Nd4xe6 fxe6
15.Nc3e2 e5
16.c3 Ra8c8
17.Qd1b3 Kh8
18.Ra1d1 b5
19.a4 Qd8c7
20.axb5 axb5
21.Qb3b2 Re8d8
22.Rd1d2 d4
23.cxd4 Be7xb4
24.Rd2d3 exd4
25.Ne2xd4 Nc6xd4
26.Be3xd4 Bb4c5
27.Rf1d1 Bc5xd4
28.Rd3xd4 Rd8xd4
29.Qb2xd4 Nf6h5
{ nul }1/2-1/2

[Event "Coupe Niveau 5"]
[Site "www.echecsemail.com"]
[Date "2026.01.20"]
[Round "1"]
[White "Carrighir"]
[Black "Nicodemouscron"]
[WhiteElo "2110"]
[BlackElo "2110"]
[Result "0-1"]
1.e4 c5
2.d4 cxd4
3.c3 dxc3
4.Nb1xc3 e6
5.Ng1f3 Ng8e7
6.Bf1c4 a6
7.O-O d6
8.Bc1g5 Nb8c6
9.Qd1e2 Qd8c7
10.Ra1c1 Ne7g6
11.Nc3d5 Qc7a5
12.Bg5d2 Qa5d8
13.Nd5f4 Ng6xf4
14.Bd2xf4 Bf8e7
15.Rf1d1 O-O
16.Bc4b3 Qd8c7
17.Nf3g5 Qc7a5
18.h4 h6
19.Ng5f3 Qa5h5
20.Bf4xd6 Be7xd6
21.Rd1xd6 Nc6e5
22.Rc1c3 Ne5xf3
23.Rc3xf3 Qh5xh4
24.Rf3h3 Qh4g5
25.Rh3h5 Qg5c1
26.Kh2 Qc1f4
{ abandon }0-1

[Event "Tournoi n27374"]
[Site "www.echecsemail.com"]
[Date "2026.01.20"]
[Round "1"]
[White "Verson"]
[Black "Nicadria22"]
[WhiteElo "1840"]
[BlackElo "1920"]
[Result "0-1"]
1.d4 d5
2.Ng1f3 Ng8f6
3.e3 c6
4.Bf1d3 Bc8g4
5.Nb1d2 Nb8d7
6.O-O e5
7.dxe5 Nd7xe5
8.b3 Bf8b4
9.h3 Bb4xd2
10.Bc1xd2 Ne5xf3
11.gxf3 Bg4xh3
12.Kh2 Bh3xf1
13.Qd1xf1 Qd8d6
14.Kh1 Qd6e6
15.c4 O-O-O
16.Qf1g2 Qe6e5
17.Ra1c1 d4
18.e4 g6
19.Qg2h3 Qe5e6
20.Qh3xe6 fxe6
21.Bd2g5 Rh8f8
22.e5 Nf6d7
23.Bg5xd8 Kxd8
24.Rc1e1 Rf8xf3
25.Bd3b1 Rf3xf2
26.Kg1 Rf2f3
27.Kg2 Rf3e3
28.Re1xe3 dxe3
29.Kf3 e2
30.Kxe2 Nd7xe5
31.Ke3 Ke7
32.Bb1e4 b6
33.Kf4 Kf6
34.a3 c5
35.Be4g2 h5
36.Bg2f1 g5
37.Ke4 h4
38.b4 Ne5g4
39.Bf1g2 Ng4f2
40.Kf3 Nf2d3
41.bxc5 Nd3e1
42.Kf2 Ne1xg2
43.Kxg2 bxc5
{ abandon }0-1

[Event "Défi( 10J+24H/c 10J Max )"]
[Site "www.echecsemail.com"]
[Date "2026.01.20"]
[Round "1"]
[White "Patau"]
[Black "Jeff75019"]
[WhiteElo "1710"]
[BlackElo "1460"]
[Result "1/2-1/2"]
1.e4 e5
2.Ng1f3 Nb8c6
3.d4 d5
4.Nf3xe5 Qd8f6
5.Ne5xc6 Qf6xc6
6.exd5 Qc6xd5
7.Nb1c3 Bf8b4
8.Bc1e3 Ng8f6
9.a3 Bb4a5
10.b4 Qd5c6
11.Qd1d2 Bc8e6
12.Bf1b5 Qc6xb5
13.Nc3xb5 O-O
14.bxa5 Ra8c8
15.O-O Be6c4
16.Rf1b1 Nf6e4
17.Qd2b4 Bc4d5
18.Nb5xa7 Rc8d8
19.Na7b5 c6
20.Nb5c3 b5
21.axb6 Ne4d6
22.Nc3xd5 cxd5
23.a4 Nd6c4
24.b7 h5
25.a5 Nc4d6
26.Qb4xd6 Rd8xd6
27.b8Q Rf8xb8
28.Rb1xb8 Kh7
29.a6 { nul }1/2-1/2

[Event "Défi"]
[Site "www.echecsemail.com"]
[Date "2026.01.20"]
[Round "1"]
[White "Dan84"]
[Black "Wenoketo"]
[WhiteElo "1600"]
[BlackElo "1670"]
[Result "1/2-1/2"]
1.e4 c6
2.c3 e6
3.g3 d5
4.e5 Nb8d7
5.Qd1e2 Ng8e7
6.f4 g6
7.Ng1f3 Bf8g7
8.d4 O-O
9.g4 b5
10.b4 Bc8b7
11.a4 a6
12.a5 Bg7h6
13.h4 Bh6g7
14.Qe2h2 f5
15.g5 Rf8f7
16.h5 Kf8
17.hxg6 hxg6
18.Nf3h4 Ke8
19.Nb1d2 Rf7f8
20.Nd2b3 Rf8h8
21.Qh2g3 Nd7f8
22.Nb3c5 Bb7c8
23.Bf1g2 Kf7
24.Bc1e3 Nf8d7
25.O-O-O Nd7xc5
26.dxc5 Bc8b7
27.Rh1h3 Qd8g8
28.Rd1h1 Ra8f8
29.Rh1h2 Ke8
30.Bg2f3 Kd8
31.Rh2d2 Kc7
32.Qg3g2 Rf8d8
33.Bf3e2 Rd8d7
34.Qg2f1 Qg8d8
35.Be3f2 Rh8h7
36.Nh4f3 Rh7xh3
37.Qf1xh3 Qd8h8
38.Qh3g2 Bb7c8
39.c4 dxc4
40.Nf3d4 Rd7d8
41.Be2f3 Bc8d7
42.Nd4e2 Ne7d5
43.Bf3xd5 cxd5
44.Rd2d1 Qh8h5
45.Bf2d4 Rd8h8
46.Qg2f2 Kc6
47.Qf2g2 Qh5h2
48.Rd1g1 Qh2xg2
49.Rg1xg2 Rh8h1
50.Kb2 Rh1h3
51.Ne2g3 Bd7e8
52.Kc3 Be8f7
53.Bd4f2 Rh3h8
54.Kd4 Rh8d8
55.Rg2h2 Rd8h8
56.Bf2g1 { nul }1/2-1/2

[Event "Eq:La Diagonale du Fou-Pirates du Mat :"]
[Site "www.echecsemail.com"]
[Date "2026.01.20"]
[Round "1"]
[White "Mimimosa"]
[Black "Eltche"]
[WhiteElo "2310"]
[BlackElo "2610"]
[Result "1-0"]
1.e4 c5
2.Ng1f3 d6
3.c3 Ng8f6
4.Bf1e2 e6
5.O-O Nf6xe4
6.Qd1a4 Bc8d7
7.Qa4xe4 { abandon }1-0

[Event "Eq:Pirates du Mat-Les Rois du Succes :"]
[Site "www.echecsemail.com"]
[Date "2026.01.20"]
[Round "1"]
[White "Oscar"]
[Black "Degun"]
[WhiteElo "1950"]
[BlackElo "1940"]
[Result "0-1"]
1.d4 d5
2.Ng1f3 Ng8f6
3.e3 Bc8g4
4.Bf1e2 Nb8d7
5.O-O Bg4xf3
6.Be2xf3 e6
7.Nb1c3 Bf8d6
8.Qd1d3 c5
9.dxc5 Nd7xc5
10.Qd3b5 Nf6d7
11.b4 Nc5a6
12.a3 O-O
13.Bc1b2 Nd7e5
14.Qb5e2 Ra8c8
15.Ra1b1 Bd6b8
16.Nc3b5 Ne5c4
17.Bb2a1 Na6c7
18.Nb5xc7 Qd8xc7
19.g3 f5
20.Rb1b3 a5
21.bxa5 Nc4xa5
22.Rb3b2 Na5c4
23.Rb2a2 Rc8d8
24.Ba1d4 e5
25.Bd4a1 f4
26.exf4 exf4
27.gxf4 Qc7xf4
28.Qe2e6 Kh8
29.Qe6h3 Qf4xf3
30.Qh3xf3 Rf8xf3
31.Ba1d4 Bb8c7
32.c3 Rf3h3
33.f4 Rd8d6
34.Rf1b1 Rd6g6
35.Ra2g2 b6
36.Rb1b5 Rg6xg2
37.Kxg2 Rh3h5
38.Kg3 Kg8
39.a4 Rh5f5
40.Bd4e5 Bc7xe5
41.fxe5 Rf5xe5
42.Kf4 Re5h5
43.Kg3 Kf7
44.Rb5b1 Kf6
45.Rb1f1 Rh5f5
46.Rf1e1 g5
47.Re1e8 h5
48.h3 h4
49.Kg2 Kf7
50.Re8e2 Kf6
51.Re2e8 Rf5e5
52.Re8f8 Ke6
53.Rf8e8 Kf5
54.Re8f8 Ke4
{ abandon }0-1

[Event "Tournoi n27345"]
[Site "www.echecsemail.com"]
[Date "2026.01.20"]
[Round "1"]
[White "Kichmat"]
[Black "Alain64"]
[WhiteElo "2000"]
[BlackElo "2080"]
[Result "0-1"]
1.e4 c5
2.Ng1f3 Nb8c6
3.d4 cxd4
4.Nf3xd4 d6
5.Nd4xc6 bxc6
6.Bf1d3 Ng8f6
7.O-O g6
8.b3 Bf8g7
9.Bc1b2 O-O
10.Nb1d2 e5
11.Nd2c4 Qd8c7
12.Ra1b1 a5
13.a4 Bc8e6
14.Rf1e1 Ra8d8
15.Bb2c3 Be6xc4
16.Bd3xc4 d5
17.Bc4f1 Nf6xe4
18.Bc3b2 f5
19.f3 Qc7b6
20.Bb2d4 exd4
21.fxe4 dxe4
22.Bf1c4 Kh8
23.Kh1 Bg7e5
24.Qd1d2 Qb6c7
25.h3 Be5f4
26.Qd2e2 Qc7e7
27.Re1f1 Bf4d6
28.Rb1d1 Qe7e5
29.g4 f4
30.Qe2d2 Bd6c7
31.Rd1e1 f3
32.Bc4d3 e3
{ abandon }0-1